Encyclopaedia of hydraulics, soil and foundation engineering

Guardado en:
Detalles Bibliográficos
Autor principal: Vollmer, Ernst
Formato: Libro
Lenguaje:Undetermined
Publicado: London Elsevier Publishing Company 1967
Materias:
Etiquetas: Agregar Etiqueta
Sin Etiquetas, Sea el primero en etiquetar este registro!
Thư viện lưu trữ: Trung tâm Học liệu Trường Đại học Cần Thơ
LEADER 00531nam a2200181Ia 4500
001 CTU_76707
008 210402s9999 xx 000 0 und d
082 |a 627.03 
082 |b V924 
100 |a Vollmer, Ernst 
245 0 |a Encyclopaedia of hydraulics, soil and foundation engineering 
260 |a London 
260 |b Elsevier Publishing Company 
260 |c 1967 
650 |a Hydraulic engineering,Irrigation 
650 |x Dictionaries 
904 |i Trúc,Hải 
980 |a Trung tâm Học liệu Trường Đại học Cần Thơ